000 00745nam a2200241Ia 4500
003 OSt
005 20220918111901.0
006 a|||||r|||| 00| 0
007 ta
008 220915b |||||||| |||| 00| 0 eng d
024 _a126850
037 _cTextbook
040 _beng
_aARTS
_cARTS
041 _aeng
082 _aV65961:1:N3, 122G6(906)
100 _aMademba Abd-el Kader
_910906
245 0 _aAu Senegal et au Soudan Francais
260 _aNA
_bNA
490 _aBulletin du comite d' Etudes Historiques et scientifiques de'l Afrique Occidentale Francaise 13, 2: 1930 P. 101-216
650 _aHISTORY
942 _hV65961:1:N3, 122G6(906)
_cTB
_2CC
999 _c116958
_d116958